[Event "Paleochora op 10th"]
[Site "Paleochora"]
[Date "2017.07.20"]
[Round "3"]
[White "Ioannidis, Evgenios"]
[Black "Minikh, Eduard"]
[Result "1-0"]
[WhiteElo "2369"]
[BlackElo "1965"]
[PlyCount "95"]
[EventDate "2017.07.19"]
[EventType "swiss"]
[EventRounds "9"]
[EventCountry "GRE"]
[SourceTitle "EXT 2018"]
[Source "ChessBase"]
[SourceDate "2017.10.13"]
[SourceVersion "1"]
[SourceVersionDate "2017.10.13"]
[SourceQuality "1"]

1. d4 Nf6 2. c4 e6 3. Nc3 d5 4. cxd5 exd5 5. Bg5 Be7 6. e3 0-0 7. Bd3 Nbd7 8. Nge2 c6 9. Qc2 Re8 10. 0-0 Nf8 11. f3 Nh5 12. Bxe7 Qxe7 13. e4 dxe4 14. fxe4 Be6 15. Rf2 Rad8 16. e5 Ng6 17. Ne4 Rf8 18. Raf1 f6 19. Nc5 Bg4 20. h3 Bxe2 21. Bxe2 Nhf4 22. Rxf4 Nxf4 23. Rxf4 fxe5 24. Rxf8+ Rxf8 25. Qe4 Re8 26. Bc4+ Kh8 27. Qxe5 Qxe5 28. dxe5 b5 29. Be6 g6 30. Kf2 Kg7 31. Ke3 Kf8 32. Kd4 Ke7 33. Bd7 Rd8 34. e6 Rf8 35. Bxc6 Rf4+ 36. Ne4 Kxe6 37. Bxb5 Ke7 38. b4 Rf8 39. Bc4 Rd8+ 40. Bd5 Rf8 41. Nc3 Rf1 42. Nb5 a6 43. Nc3 Kd6 44. Bb7 a5 45. bxa5 Kc7 46. Bf3 Rf2 47. Nb5+ Kb8 48. a6 1-0

[Event "Donoratico op-A"]
[Site "Donoratico"]
[Date "2011.05.01"]
[Round "5"]
[White "Minikh, Eduard"]
[Black "Calavalle, Giulio"]
[Result "0-1"]
[WhiteElo "1923"]
[BlackElo "2230"]
[PlyCount "120"]
[EventDate "2011.04.29"]
[EventType "swiss"]
[EventRounds "5"]
[EventCountry "ITA"]
[SourceTitle "EXT 2015"]
[Source "ChessBase"]
[SourceDate "2014.11.20"]
[SourceVersion "1"]
[SourceVersionDate "2014.11.20"]
[SourceQuality "1"]

1. d4 c5 2. Nf3 cxd4 3. Nxd4 e5 4. Nb3 d5 5. g3 h6 6. Bg2 Nf6 7. 0-0 Nc6 8. N1d2 Be6 9. c3 Be7 10. e4 0-0 11. exd5 Nxd5 12. Nf3 Qc7 13. Re1 Rad8 14. Qe2 Nb6 15. Nbd2 Nd7 16. Nf1 Rfe8 17. Rd1 Nb6 18. N3d2 Bd5 19. Bh3 Bg5 20. Ne3 Bxe3 21. fxe3 e4 22. Bg2 Qe5 23. Re1 Na5 24. Bf1 a6 25. Bg2 f5 26. Qf2 Be6 27. Bh3 g6 28. Nf1 Qg7 29. Nd2 Nc6 30. Rf1 Ne5 31. Nb3 Nf3+ 32. Kg2 g5 33. Kh1 g4 34. Bg2 Bc4 35. Nd4 Nxd4 36. exd4 Bxf1 37. Bxf1 Qg6 38. Bf4 Kh7 39. c4 Nd7 40. Rc1 Nf6 41. Qe3 Nh5 42. Be5 Qg5 43. Re1 Qxe3 44. Rxe3 Rxe5 45. dxe5 Re8 46. Rb3 Re7 47. Rb6 f4 48. Kg2 f3+ 49. Kf2 Ng7 50. Ke3 Rxe5 51. Rxb7 Re8 52. c5 Kg6 53. Rb6+ Kg5 54. h4+ gxh3 55. Bxh3 Nf5+ 56. Bxf5 Kxf5 57. Rxh6 Kg5 58. Rxa6 Rf8 59. Kf2 e3+ 60. Kf1 e2+ 0-1

[Event "Rome Accademia Primavera op"]
[Site "Rome"]
[Date "2011.04.02"]
[Round "4"]
[White "Minikh, Eduard"]
[Black "Movileanu, Daniela"]
[Result "1-0"]
[WhiteElo "1923"]
[BlackElo "1940"]
[PlyCount "75"]
[EventDate "2011.04.01"]
[EventType "swiss"]
[EventRounds "5"]
[EventCountry "ITA"]
[SourceTitle "EXT 2023"]
[Source "ChessBase"]
[SourceDate "2022.10.05"]
[SourceVersion "1"]
[SourceVersionDate "2022.10.05"]
[SourceQuality "1"]

1. d4 g6 2. c4 Bg7 3. Nc3 d6 4. g3 Nd7 5. Bg2 e5 6. e3 Ne7 7. Nge2 0-0 8. 0-0 f5 9. dxe5 dxe5 10. b3 e4 11. Ba3 c5 12. Qc2 Qa5 13. Bb2 Ne5 14. Rad1 Be6 15. Nf4 Bf7 16. Ncd5 Nxd5 17. Nxd5 Nd3 18. Bxg7 Kxg7 19. f3 Bxd5 20. cxd5 Rfe8 21. fxe4 fxe4 22. Bxe4 Rxe4 23. Rxd3 Rae8 24. d6 Qb6 25. d7 Rd8 26. Qd2 Re7 27. Rd1 Qc7 28. Qc3+ Kg8 29. Qc4+ Kg7 30. Qc3+ Kg8 31. Qd2 Kg7 32. Rd6 Rf7 33. e4 Re7 34. e5 c4 35. Qd4 cxb3 36. axb3 Kg8 37. b4 a6 38. e6 1-0

[Event "Rome Accademia Primavera op"]
[Site "Rome"]
[Date "2011.04.01"]
[Round "2"]
[White "Minikh, Eduard"]
[Black "Capparelli, Stefano"]
[Result "1-0"]
[WhiteElo "1923"]
[BlackElo "1473"]
[PlyCount "103"]
[EventDate "2011.04.01"]
[EventType "swiss"]
[EventRounds "5"]
[EventCountry "ITA"]
[SourceTitle "EXT 2023"]
[Source "ChessBase"]
[SourceDate "2022.10.05"]
[SourceVersion "1"]
[SourceVersionDate "2022.10.05"]
[SourceQuality "1"]

1. e4 d6 2. d4 Nf6 3. Nc3 g6 4. f4 Bg7 5. Nf3 0-0 6. e5 dxe5 7. fxe5 Nd5 8. Ne4 Bf5 9. Ng3 Bg4 10. h3 Bd7 11. Bc4 c6 12. 0-0 b5 13. Bb3 a5 14. c3 a4 15. Bxd5 cxd5 16. Bg5 f6 17. Bf4 Nc6 18. Re1 fxe5 19. Bxe5 Nxe5 20. Nxe5 Qc7 21. a3 Bf5 22. Qe2 Rab8 23. Nxf5 Rxf5 24. Nd3 Bf6 25. Nb4 Bh4 26. Nxd5 Rxd5 27. Qe6+ Kg7 28. Qxd5 Bxe1 29. Rxe1 Qd6 30. Qxd6 exd6 31. Re7+ Kh6 32. Rd7 Rb6 33. Kf2 g5 34. Kf3 Kg6 35. Ke4 h5 36. Kd5 Kf5 37. g3 h4 38. gxh4 gxh4 39. Rg7 Rb8 40. Kxd6 Re8 41. Rf7+ Kg5 42. Re7 Rf8 43. Rg7+ Kh6 44. Rg4 Kh5 45. Rg2 Rf3 46. Rh2 Kg5 47. Kc6 Kf4 48. d5 Kg3 49. Rd2 Kxh3 50. d6 Rf6 51. Kxb5 Kg3 52. d7 1-0

[Event "Rome Nobile Memorial 4th"]
[Site "Rome"]
[Date "2011.02.23"]
[Round "6"]
[White "Quimi, Marco"]
[Black "Minikh, Eduard"]
[Result "1-0"]
[WhiteElo "2114"]
[BlackElo "1920"]
[PlyCount "51"]
[EventDate "2011.01.13"]
[EventType "swiss"]
[EventRounds "7"]
[EventCountry "ITA"]
[SourceTitle "EXT 2012"]
[Source "ChessBase"]
[SourceDate "2011.11.24"]
[SourceVersion "1"]
[SourceVersionDate "2011.11.24"]
[SourceQuality "1"]

1. e4 e5 2. Nf3 Nf6 3. d4 exd4 4. e5 Nd5 5. Qxd4 Nb6 6. Nc3 Nc6 7. Qf4 Be7 8. Bd3 d6 9. 0-0 dxe5 10. Nxe5 Nxe5 11. Qxe5 0-0 12. Re1 Bf6 13. Qe4 g6 14. Bh6 Bg7 15. Bxg7 Kxg7 16. h4 h5 17. Rad1 Qf6 18. a4 Bg4 19. f3 Be6 20. Qxb7 Qd4+ 21. Kf1 Qxh4 22. Qxc7 Rad8 23. Rxe6 Qh1+ 24. Kf2 Qh4+ 25. Kg1 Qd4+ 26. Kf1 1-0

[Event "Bisaccia op 2nd"]
[Site "Bisaccia"]
[Date "2010.05.30"]
[Round "3"]
[White "Minikh, Eduard"]
[Black "Varvaglione, Antonio"]
[Result "1/2-1/2"]
[WhiteElo "2041"]
[BlackElo "1905"]
[PlyCount "101"]
[EventDate "2010.05.29"]
[EventType "swiss"]
[EventRounds "7"]
[EventCountry "ITA"]
[SourceTitle "EXT 2024"]
[Source "ChessBase"]
[SourceDate "2023.10.10"]
[SourceVersion "1"]
[SourceVersionDate "2023.10.10"]
[SourceQuality "1"]

1. d4 Nf6 2. c4 g6 3. Nc3 Bg7 4. g3 0-0 5. Bg2 d6 6. Nf3 Nc6 7. 0-0 a6 8. e4 e5 9. d5 Ne7 10. Ne1 Nd7 11. Nd3 f5 12. f4 exf4 13. Bxf4 Nf6 14. e5 Nh5 15. e6 Nxf4 16. Nxf4 Rb8 17. Qc2 c6 18. Rad1 c5 19. a3 b5 20. cxb5 axb5 21. b4 cxb4 22. axb4 Qc7 23. Nfe2 Bb7 24. Qd3 Qc4 25. Qxc4 bxc4 26. Ra1 Ra8 27. Kf2 Rxa1 28. Rxa1 Ra8 29. Rxa8+ Bxa8 30. Ke3 Kf8 31. b5 Ke8 32. Nd4 g5 33. b6 Bb7 34. Ndb5 Nc8 35. Na4 Kd8 36. Na7 Ne7 37. Nc6+ Ke8 38. Na5 Nxd5+ 39. Bxd5 Bxd5 40. Nxc4 Ke7 41. Na5 Kxe6 42. b7 Bxb7 43. Nxb7 f4+ 44. gxf4 gxf4+ 45. Kf3 Kd7 46. h3 Kc6 47. Nxd6 Kxd6 48. Kxf4 Kc6 49. Kg3 Kb5 50. Nc3+ Bxc3 51. Kf4 1/2-1/2